LEADER 01033nam a22002891i 4500 001 991001187839707536 005 20031020131508.0 008 040407s1969 xxk|||||||||||||||||eng 035 $ab12732242-39ule_inst 035 $aARCHE-071188$9ExL 040 $aDip.to Scienze Storiche$bita$cA.t.i. Arché s.c.r.l. Pandora Sicilia s.r.l. 082 04$a320.5 100 1 $aPaine, Thomas$0234445 245 10$aRights of man /$cThomas Paine ; edited with an introduction by Henry Collins 260 $aHarmondsworth :$bPenguin,$c1969 300 $a309 p. ;$c19 cm 440 4$aThe Pelican classics 600 14$aBurke, Edmund 650 4$aDiritti dell'uomo 651 4$aFrancia$xStoria$y1789-1799 700 1 $aCollins, Henry 907 $a.b12732242$b02-04-14$c16-04-04 912 $a991001187839707536 945 $aLE009 STOR.898-76$g1$i2009000376151$lle009$o-$pE0.00$q-$rl$s- $t0$u1$v1$w1$x0$y.i13266664$z16-04-04 996 $aRights of man$914282 997 $aUNISALENTO 998 $ale009$b16-04-04$cm$da $e-$feng$gxxk$h0$i1 LEADER 01963oam 2200577M 450 001 9910715811503321 005 20191123061944.2 035 $a(CKB)5470000002515974 035 $a(OCoLC)1064038591 035 $a(OCoLC)995470000002515974 035 $a(EXLCZ)995470000002515974 100 $a20070221d1862 ua 0 101 0 $aeng 135 $aurcn||||||||| 181 $ctxt$2rdacontent 182 $cc$2rdamedia 183 $acr$2rdacarrier 200 10$aObadiah B. Latham and Oliver S. Latham. (To accompany Bill H.R.C.C. No. 111.) July 15, 1862. -- Ordered to be printed 210 1$a[Washington, D.C.] :$c[U.S. Government Printing Office],$d1862. 215 $a1 online resource (4 pages) 225 1 $aHouse report / 37th Congress, 2nd session. House ;$vno. 147 225 1 $a[United States congressional serial set] ;$v[serial no. 1145] 300 $aBatch processed record: Metadata reviewed, not verified. Some fields updated by batch processes. 300 $aFDLP item number not assigned. 517 $aObadiah B. Latham and Oliver S. Latham. 606 $aBuilding 606 $aClaims 606 $aCost control 606 $aCustomhouses 606 $aDamages 606 $aGovernment contractors 606 $aJudgments 606 $aPublic contracts 608 $aLegislative materials.$2lcgft 615 0$aBuilding. 615 0$aClaims. 615 0$aCost control. 615 0$aCustomhouses. 615 0$aDamages. 615 0$aGovernment contractors. 615 0$aJudgments. 615 0$aPublic contracts. 701 $aFenton$b Reuben E$g(Reuben Eaton),$f1819-1885$pRepublican (NY)$01394588 801 0$bWYU 801 1$bWYU 801 2$bOCLCO 801 2$bOCLCQ 906 $aBOOK 912 $a9910715811503321 996 $aObadiah B. Latham and Oliver S. Latham. (To accompany Bill H.R.C.C. No. 111.) July 15, 1862. -- Ordered to be printed$93471118 997 $aUNINA